000
00301nam a2200121Ia 4500
008
250224s9999 xx 000 0 und d
020
_a
9781842342596
082
_a
J613.4GAF
100
_a
Gaff,Jackie
245
0
_a
Why must i wash my hands
942
_c
JBK
999
_c
475374
_d
475374